000
00334nam a2200145Ia 4500
003
OSt
005
20240120114341.0
008
170524s9999 xx 000 0 und d
020
_a
0 8177000470
040
_c
iimtu
100
_a
Mahajan
245
0
_a
Industrial engineering and producation
260
_b
Dhanpat Rai
942
_2
ddc
_c
02
999
_c
5541
_d
5541